Sports Quiz

Random Sports or World Quiz

World Cup Runners-up - Arsenal Quiz Stats

 Plays Quiz not verified by Sporcle

Challenge
Share
Tweet
Embed
Score 0/8 Timer 04:00
0 Plays Today
First appearance with club* Player % Correct
1999Thierry Henry
91.1%
1996Patrick Vieira
82.9%
2004Robin van Persie
81.3%
2000Sylvain Wiltord
75.6%
2001Giovanni van Bronckhorst
56.1%
2006William Gallas
52.8%
2003Jens Lehmann
52%
2008Mikaël Silvestre
30.1%

You're not logged in!

Compare scores with friends on all Sporcle quizzes.
Join for Free
OR
Log In

You Might Also Like...

Show Comments

Extras

Top Quizzes Today


Score Distribution

Your Account Isn't Verified!

In order to create a playlist on Sporcle, you need to verify the email address you used during registration. Go to your Sporcle Settings to finish the process.

Report this User

Report this user for behavior that violates our Community Guidelines.

Details: